000 00308nam a22000977a 4500
008 150619b xxu||||| |||| 00| 0 eng d
010 _8HCCRSF:005
245 _aHIGH COURT CRIMINAL SESSION NO.441 OF 1969 Uganda Vs Anafida Namboze
260 _aHigh Court Kampala
500 _3BEFORE: Hon mr. Ag. Justice S. Musoke
999 _c6511
_d6511